Jaarboek voor Nederlandse boekgeschiedenis/Yearbook for Dutch Book History 29/2022 (Record no. 93187)

MARC details
000 -LEADER
fixed length control field 03220namaa2200481uu 4500
001 - CONTROL NUMBER
control field doab93384
003 - CONTROL NUMBER IDENTIFIER
control field oapen
005 - DATE AND TIME OF LATEST TRANSACTION
control field 20260305123953.0
006 - FIXED-LENGTH DATA ELEMENTS--ADDITIONAL MATERIAL CHARACTERISTICS
fixed length control field m o d
007 - PHYSICAL DESCRIPTION FIXED FIELD--GENERAL INFORMATION
fixed length control field cr|mn|---annan
008 - FIXED-LENGTH DATA ELEMENTS--GENERAL INFORMATION
fixed length control field 221102s2022 xx |||||o ||| 0|eng d
020 ## - INTERNATIONAL STANDARD BOOK NUMBER
International Standard Book Number 9789463727693
020 ## - INTERNATIONAL STANDARD BOOK NUMBER
International Standard Book Number 9789463727693
024 7# - OTHER STANDARD IDENTIFIER
Standard number or code 10.5117/9789463727693
Source of number or code doi
040 ## - CATALOGING SOURCE
Original cataloging agency oapen
Transcribing agency oapen
041 0# - LANGUAGE CODE
Language code of text/sound track or separate title dut
041 0# - LANGUAGE CODE
Language code of text/sound track or separate title eng
042 ## - AUTHENTICATION CODE
Authentication code dc
072 #7 - SUBJECT CATEGORY CODE
Subject category code 1DDN
Source bicssc
072 #7 - SUBJECT CATEGORY CODE
Subject category code 2ACD
Source bicssc
072 #7 - SUBJECT CATEGORY CODE
Subject category code GLC
Source bicssc
072 #7 - SUBJECT CATEGORY CODE
Subject category code NHT
Source bicssc
245 00 - TITLE STATEMENT
Title Jaarboek voor Nederlandse boekgeschiedenis/Yearbook for Dutch Book History 29/2022
Remainder of title Onderwijs en pedagogiek / Education and Pedagogy
260 ## - PUBLICATION, DISTRIBUTION, ETC.
Place of publication, distribution, etc. Amsterdam
Name of publisher, distributor, etc. Amsterdam University Press
Date of publication, distribution, etc. 2022
300 ## - PHYSICAL DESCRIPTION
Extent 1 online resource (350 p.)
336 ## - CONTENT TYPE
Content type term text
Content type code txt
Source rdacontent
337 ## - MEDIA TYPE
Media type term computer
Media type code c
Source rdamedia
338 ## - CARRIER TYPE
Carrier type term online resource
Carrier type code cr
Source rdacarrier
506 0# - RESTRICTIONS ON ACCESS NOTE
Terms governing access Free-to-read
Standardized terminology for access restriction Unrestricted online access
Source of term star
520 ## - SUMMARY, ETC.
Summary, etc. Yearbook for Dutch Book History, Volume 29/2022 Education and Pedagogy The Yearbook for Dutch Book History publishes articles in the Dutch and English language on all aspects of the book history of the Low Countries. The central theme of Volume 29 (2022) of the Yearbook is 'Education and Pedagogy'. Contributions to the volume encompass a broad scope. The seventeenth and eighteenth centuries are discussed from the perspectives of Catholic and Protestant schoolbooks, and their roles in contemporary theological disputes, as well as the manner in which the Disaster Year (1672) was canonised in the Nieuwe Spiegel der Jeugd (New Mirror of Youth), which was repeatedly in print between 1674 and 1780. Later periods are treated by contributions detailing handbooks for artists in the nineteenth century and the illustrations of Cornelis Jetses in Bremer schoolbooks. Knowledge and illustrations of the clitoris stand at the heart of a contribution on biological education. The section of thematic articles is concluded by an interview with two publishers of schoolbooks who detail contemporary developments in the schoolbook market. Unrelated to the annual theme, the Yearbook also contains contributions on the printer Peter van Selow and his supposed Dutch background, the survival of editions of the Reformed Liturgy in the later sixteenth and early seventeenth centuries, and an article on so-called Neusboekjes (Nose-books), short comical works from the seventeenth and eighteenth century with pronounced satirical insights into Dutch politics and social norms.
540 ## - TERMS GOVERNING USE AND REPRODUCTION NOTE
Terms governing use and reproduction All rights reserved
Uniform Resource Identifier <a href="http://oapen.org/content/about-rights">http://oapen.org/content/about-rights</a>
546 ## - LANGUAGE NOTE
Language note Dutch
546 ## - LANGUAGE NOTE
Language note English
650 #7 - SUBJECT ADDED ENTRY--TOPICAL TERM
Topical term or geographic name entry element Dutch
Source of heading or term bicssc
650 #7 - SUBJECT ADDED ENTRY--TOPICAL TERM
Topical term or geographic name entry element History: specific events and topics
Source of heading or term bicssc
650 #7 - SUBJECT ADDED ENTRY--TOPICAL TERM
Topical term or geographic name entry element Library, archive and information management
Source of heading or term bicssc
650 #7 - SUBJECT ADDED ENTRY--TOPICAL TERM
Topical term or geographic name entry element Netherlands
Source of heading or term bicssc
653 ## - INDEX TERM--UNCONTROLLED
Uncontrolled term Nederlandse Boekgeschiedenis
720 1# - ADDED ENTRY--UNCONTROLLED NAME
Name Nederlandse Boekhistorische Vereniging, Leiden
Relationship edt
720 1# - ADDED ENTRY--UNCONTROLLED NAME
Name Nederlandse Boekhistorische Vereniging, Leiden
Relationship oth
793 0# -
-- DOAB Library.
856 40 - ELECTRONIC LOCATION AND ACCESS
Uniform Resource Identifier <a href="https://directory.doabooks.org/handle/20.500.12854/93384">https://directory.doabooks.org/handle/20.500.12854/93384</a>
Access status 0
Public note Free-to-read: DOAB: description of the publication

No items available.

Powered by Koha